000 00788cab a2200253 4500
001 ABS57800
008 090401t1997 xxu||||| |||| 00| 0 eng d
035 _a(Sirsi) u81682
041 _aeng
100 _aMcClenaghan, J.
245 _aSelecting sites for retail development
260 _c1997
350 _a0
490 _aSolicitors` Journal
_v141(38) 10 October 1997, 955(1)
520 _aExplains how finding sites for retail development, which are in accordance with government planning policy can be difficult.
650 _aPLANNING POLICY
650 _aPLANNING POLICY GUIDANCE NOTE SIX
650 _aRETAIL DEVELOPMENTS
650 _aSEQUENTIAL APPROACH
650 _aSITE SELECTION
690 _aPLANNING LAW AND PRACTICE
942 _n0
948 _c24/10/1997
999 _c51491
_d51491